PROCEEDINGS of the GEF Inception Workshop on Conservation and Sustainable Use of Peat Swamp Forests in Malaysia, 24-25 July 1997, Kuala Lumpur, Malaysia

Bibliographic Details
Other Authors: Mohd. Khairul Effendi, Phang
Format: Book
Published: Kuala Lumpur : Ministry of Science, Technology and the Environment , 1997
Subjects:

MARC

LEADER 00000cam a2200000 7i4500
001 0000001310
005 20140412.0
020 0 0 |a 9839663259 
090 0 0 |a 577.698   |b PRO 1997 
245 0 0 |a PROCEEDINGS of the GEF Inception Workshop on Conservation and Sustainable Use of Peat Swamp Forests in Malaysia, 24-25 July 1997, Kuala Lumpur, Malaysia   |c edited by Phang Tze Jan and Mohd. Khairul Effendi 
260 0 0 |a Kuala Lumpur :   |b Ministry of Science, Technology and the Environment ,   |c 1997 
300 |a v,105 p. ;   |c 30 cm. 
500 0 0 |a Includes bibliographical references 
650 0 0 |a Mangrove swamp ecology 
700 0 1 |a Mohd. Khairul Effendi 
700 0 1 |a Phang   |h Tze Jan 
998 |a JPSM 
999 |a 0000002265   |b Monograph   |c Open Shelf   |e Default branch